| 000 | 00483nam a2200193Ia 4500 | ||
|---|---|---|---|
| 008 | 170918s9999 xx 000 0 und d | ||
| 020 | _a9780531059050 | ||
| 050 | _bP639 1990 | ||
| 100 | _aPilkey, Dav | ||
| 245 | _aTwas the night before thanksgiving / | ||
| 245 | _cstory and pictures by Dav Pilkey. | ||
| 260 | _aNew York : | ||
| 260 | _bOrchard Books, | ||
| 260 | _c1990 | ||
| 300 | _aunpaged : | ||
| 300 | _bcolored illustration ; | ||
| 300 | _c21cm. | ||
| 500 | _a400 | ||
| 999 |
_c342923 _d342923 |
||